000 00968nam a2200229 a 4500
001 14101122
008 121025s2005 ||||||||||||||||| || u
010 _a2005455041
020 _a9251053367
050 _aTX 359 Vol
110 _aUnited Nations Food and Agriculture Organisation (FAO)
245 1 0 _aVoluntary guidelines to support the progressive realization of the right to adequate food in the context of national food security, adopted by the 127th Session of the FAO Council, November 2004.
246 _aRight to food
260 _aRome
_bUnited Nations Food and Agriculture Organisation (FAO)
_c2005
300 _avi, 37 p.
650 0 _aRIGHT TO FOOD
650 0 _aHUNGER
650 0 _aFOOD SUPPLY
650 0 _aNUTRITION POLICY
650 0 _aHUMAN RIGHTS
995 _aMEDICAL LIBRARY OPEN ACCESS
_e901873
_FCBU-SCHOOL OF MEDICINE LIBRARY (Ndola)
_jOTL TX 359 Vol (BOX 3)
_M1
_UAVAILABLE
_WOct 25, 2012
_y901873
_ZMedical Library Open Access Collection
999 _c32985
_d32985